000 00398nam a2200169Ia 4500
008 170705s9999 xx 000 0 und d
020 _a9780439500708
245 _aI stink! /
245 _cby Kate McMullan and Jim McMullan.
260 _aNew York :
260 _bScholastic,
260 _c2002
300 _aunpaged :
300 _bcolor illustration ;
300 _c21cm.
500 _aBR
999 _c337117
_d337117